000 00832nas a2200253 4500
001 BR2014000674
003 BR-BrBNA
005 20231205123647.0
007 ta
008 230509b bl.|||p| |||| 00| 00por d
040 _aBR-BrBNA
_bpor
_cBiblioteca Nacional de Agricultura
041 _a(Pt)
072 _aP40; P10; U10
100 1 _aBack, A.J.
245 1 _aVariação da evapotranspiração de referência calculada em diferentes intervalos de tempo
650 _aBALANÇO HÍDRICO
650 _aANÁLISE ESTATÍSTICA
650 _aMETEOROLOGIA
650 _aMANEJO DE ÁGUA
773 0 _tEngenharia Agrícola (Brazil)
_xISSN 0100-6916
_g(Jan-Apr 2007), v. 27(1) p. 139-145
_wBR2014000674
856 4 0 _uhttp://www.scielo.br/pdf/eagri/v27n1/07.pdf
909 _a202311
_bLúcia
_c55
_dLúcia Elande
942 _2AGRIS
_n0
_cANA
999 _c235037
_d235037